000 01954nam2a22003251 4500
001 v19\rc\1875004
005 20260406165036.0
035 _a(NLR Aleph) 005262526
090 _a5916279
_c5916279
100 _a20080221d1911 |||y0rusy50 ca
101 0 _arus
102 _aRU
105 _ay z |||||
200 1 _aФонвизин. Державин. Херасков. Богданович. Хемницер. Капнист
_eПолный разбор произведений...
210 _d1911
_aБ. м.
215 _a100 с.
461 0 _1001v19\rc\1875000
_12001#$a"Энциклопедия сочинений" для учащих и учащихся$fСост. Г. Корик. Вып. 1-$vВып. 4
_95916275
_aКорик, Г. А. (1876-1916)
_cОдесса
_d1910-1912
_fСост. Г. Корик. Вып. 1-
_nтип. газ. "Одес. новостей"
_t"Энциклопедия сочинений" для учащих и учащихся
_vВып. 4
702 1 _4570
_8rus
_7ca
_aФонвизин
_bД. И.
_f1745-1792
_gДенис Иванович
_3RU\NLR\AUTH\7711401
_9121148
702 1 _4570
_8rus
_7ca
_aДержавин
_bГ. Р.
_f1743-1816
_gГаврила Романович
_3RU\NLR\AUTH\773473
_9113469
702 1 _4570
_8rus
_7ca
_aБогданович
_bИ. Ф.
_f1743-1803
_gИпполит Федорович
_3RU\NLR\AUTH\7778862
_961790
702 1 _4570
_8rus
_7ca
_aКапнист
_bВ. В.
_f1757-1823
_gВасилий Васильевич
_3RU\NLR\AUTH\7723173
_96227
702 1 _4570
_8rus
_7ca
_aХерасков
_bМ. М.
_f1733-1807
_gМихаил Матвеевич
_3RU\NLR\AUTH\7779135
_962063
702 1 _4570
_8rus
_7ca
_aХемницер
_bИ. И.
_f1745-1784
_gИван Иванович
_3RU\NLR\AUTH\7778850
_961778
801 2 _aRU
_bNLR
_c20090727
_2rusmarc
801 0 _aRU
_bNLR
_c20080221
_gpsbo
801 0 _aRU
_bRuMoRGB
_c20080221
_2psbo
801 1 _aRU
_bProSoft-M
_c20080221
_2rusmarc
852 _aNLR
_j37.31.7.24
942 _cBOOK
980 _aNB